00517nam a2200157 a 450000500170000000800410001702000180005805000220007610000200009824500410011826000320015930000090019144000220020099900190022295201180024120140412111223.0100122s19uu xx 00 eng d a0-590-62187-4 aTR(GS EbB75 1994 aBrenner, Martha aAbe Lincoln's hat /cMartha Brenner. aU.S.A :bScholastic,c1994. a48p. aStep into reading c101990d101990 00104050aELbELcTRd2010-01-22eGiftg125.00l0oTR(GS E B75 1994pE0232r2014-04-12 00:00:00w2014-04-12yBK